Statistiques concernant QA #09 - Noël - Groupes de choses

Cliquez ici pour prendre le quiz!

Statistiques générales

  • Ce quiz a été pris 308 fois
  • Le résultat moyen est 15 sur 52

Statistiques - réponses

GroupesRéponses% Correct
Apôtres de JésusPierre (Simon)
73%
Rennes du Père NoëlRudolphe
69%
Apôtres de JésusJean
67%
Apôtres de JésusThaddée (Jude)
66%
Apôtres de JésusJudas Iscariote
65%
Présents des rois magesOr
61%
Présents des rois magesEncens
52%
Apôtres de JésusMathieu
51%
Cinq LégendesNicholas St. North
51%
Présents des rois magesMyrrhe
47%
Pays où Noël est un crimeArabie Saoudite
44%
Apôtres de JésusJacques, fils d'Alphée
44%
Apôtres de JésusJacques, fils de Zébédée
44%
Départements où est produit du champagneMarne
41%
Apôtres de JésusSimon le Cananéen
41%
Pays où Noël est un crimeCorée du Nord
40%
Départements où est produit du champagneHaute-Marne
36%
Apôtres de JésusThomas
33%
Départements où est produit du champagneAube
30%
Cinq LégendesE. Aster Bunnymund
29%
Rennes du Père NoëlEclair
26%
Départements où est produit du champagneAisne
25%
Cinq LégendesMarchand de sable
25%
Cinq LégendesFée des dents
24%
Cinq LégendesJack Frost
24%
Départements où est produit du champagneSeine-et-Marne
23%
Rennes du Père NoëlTonnerre
23%
Treize desserts provençauxAgrumes
21%
Apôtres de JésusAndré
20%
Treize desserts provençauxDattes
18%
Treize desserts provençauxNoix
18%
Treize desserts provençauxNougat blanc
17%
Apôtres de JésusPhilippe
17%
Treize desserts provençauxCalissons d'Aix
16%
Treize desserts provençauxFougasse
16%
Treize desserts provençauxRaisins secs
16%
Rennes du Père NoëlComète
14%
Treize desserts provençauxFigues séchées
14%
Pays où Noël est un crimeSomalie
14%
Apôtres de JésusBarthélémy
13%
Pays où Noël est un crimeBrunei
13%
Rennes du Père NoëlDanseur
13%
Rennes du Père NoëlFringant
12%
Rennes du Père NoëlTornade
12%
Rennes du Père NoëlFurie
10%
Rennes du Père NoëlCupidon
9%
Treize desserts provençauxFruits confits
8%
Treize desserts provençauxNougat noir
7%
Pays où Noël est un crimeTadjikistan
6%
Treize desserts provençauxMelon d'eau
5%
Treize desserts provençauxPâte de coing
5%
Treize desserts provençauxNougat rouge
4%

Distribution des résultats

Percentile par nombre de réponses

% des personnes avec chaque résultat

Votre développement - résultats

Vous n’avez pas pris ce quiz